[Event "Indywidualne Mistrzostwa Polski Juniorow - C18"]
[Site "Szczyrk"]
[Date "2013-03-24"]
[Round "5.4"]
[White "Grzeskow, Adrian"]
[Black "Lewicki, Miroslaw"]
[Result "0-1"]
[WhiteTitle "I"]
[BlackTitle "CM"]
[WhiteElo "1885"]
[BlackElo "2208"]

1. e4 c5 2. Nf3 d6 3. d4 Nf6 4. Nc3 cxd4 5. Nxd4 a6 6. Bc4 e6 7. Bb3 b5 8. f3 Nbd7
9. Be3 Nc5 10. Qd2 Bb7 11. g4 Be7 12. O-O-O Nfd7 13. Rhg1 Nb6 14. Qg2 b4 15. Nce2
a5 16. Nb5 a4 17. Bxc5 axb3 18. a3 Qc8 0-1

[Event "Indywidualne Mistrzostwa Polski Juniorow - C18"]
[Site "Szczyrk"]
[Date "2013-03-24"]
[Round "5.5"]
[White "Dzierzak, Radoslaw"]
[Black "Musialkiewicz, Jan"]
[Result "0-1"]
[WhiteTitle "I+"]
[BlackTitle "k+"]
[WhiteElo "1912"]
[BlackElo "2243"]

1. e4 c5 2. Nf3 d6 3. d4 cxd4 4. Nxd4 Nf6 5. Nc3 a6 6. g3 e6 7. Bg2 Be7 8. O-O
O-O 9. a4 Qc7 10. Be3 Nc6 11. Nxc6 bxc6 12. a5 Nd7 13. Na4 Rb8 14. Nb6 c5 15.
Nc4 Rd8 16. Qe2 Bb7 17. Rfd1 Bc6 18. Qe1 Bb5 19. Na3 Bf6 20. c3 Ne5 21. f4 Nc6
22. e5 dxe5 23. Nxb5 Rxb5 24. Bxc6 Rxd1 25. Rxd1 Qxc6 26. fxe5 Rxb2 27. Rd2 Rxd2
28. Qxd2 Be7 29. Qb2 Qc7 30. Qb6 Qxe5 31. Bf2 Qd6 32. c4 h6 33. Qb7 Kh7 34. Kg2
f5 35. Be3 Qd3 36. Bf2 Qe4+ 37. Qxe4 fxe4 38. Be1 Bf6 39. Bf2 Be7 40. Kf1 Kg6
41. Ke2 Kf5 42. h3 h5 43. Bg1 g6 44. Be3 Ke5 45. Bf2 h4 0-1

[Event "Indywidualne Mistrzostwa Polski Juniorow - C18"]
[Site "Szczyrk"]
[Date "2013-03-24"]
[Round "5.6"]
[White "Kanarkiewicz, Michal"]
[Black "Lewtak, Damian"]
[Result "0-1"]
[WhiteTitle "I"]
[BlackTitle "m"]
[WhiteElo "2056"]
[BlackElo "2224"]

1. e4 c5 2. Nf3 Nc6 3. d4 cxd4 4. Nxd4 Nf6 5. Nc3 d6 6. Bg5 e6 7. Qd2 a6 8. f4
h6 9. Bxf6 Qxf6 10. Nb3 g5 11. f5 g4 12. O-O-O Qg5 13. Qxg5 hxg5 14. fxe6 fxe6
15. Be2 Ne5 16. Na4 b5 17. Nb6 Rb8 18. Nxc8 Rxc8 19. Nd4 Ke7 20. a4 bxa4 21. Bxa6
Ra8 22. Bb7 Ra7 23. Bc8 Rh6 24. Nb5 Ra8 25. Nxd6 g3 26. h3 g4 27. Bb7 Rb8 28.
Ba6 gxh3 29. gxh3 g2 30. Rhg1 Rg6 31. Be2 Bh6+ 32. Kb1 Be3 33. Nc4 Nxc4 34. Bxc4
Rh8 0-1

[Event "Indywidualne Mistrzostwa Polski Juniorow - C18"]
[Site "Szczyrk"]
[Date "2013-03-24"]
[Round "5.7"]
[White "Malec, Sebastian"]
[Black "Paszewski, Mateusz"]
[Result "1-0"]
[WhiteTitle "k"]
[BlackTitle "I++"]
[WhiteElo "2171"]
[BlackElo "2065"]

1. e4 c5 2. Nf3 g6 3. d4 Bg7 4. dxc5 Qa5+ 5. c3 Qxc5 6. Na3 Nf6 7. Nb5 b6 8. b4
Qc6 9. e5 Ng8 10. Qb3 a6 11. Bc4 e6 12. Nd6+ Kf8 13. b5 axb5 14. Bxb5 Qc7 15.
Ba3 Ne7 16. O-O Nbc6 17. Bxc6 dxc6 18. Nxc8 Rxc8 19. Bd6 Qd8 20. Rfd1 Kg8 21.
c4 h6 22. Bc5 Qe8 23. Qxb6 Kh7 24. Qb7 Ng8 25. a4 Bf8 26. Rd7 Kg7 27. Bxf8+ Qxf8
28. Nd4 1-0

[Event "Indywidualne Mistrzostwa Polski Juniorow - C18"]
[Site "Szczyrk"]
[Date "2013-03-24"]
[Round "5.8"]
[White "Nowicki, Bartosz"]
[Black "Faron, Rafal"]
[Result "1-0"]
[WhiteTitle "k"]
[BlackTitle "I"]
[WhiteElo "2156"]
[BlackElo "1894"]

1. e4 Nf6 2. e5 Nd5 3. d4 d6 4. c4 Nb6 5. Nf3 g6 6. exd6 cxd6 7. Nc3 Bg7 8. Be3
O-O 9. h3 Nc6 10. Be2 Bf5 11. O-O d5 12. c5 Nc4 13. Bxc4 dxc4 14. Qa4 Bd3 15.
Rfd1 e5 16. d5 Nd4 17. Ne1 b5 18. Nxb5 Nxb5 19. Nxd3 cxd3 20. Qxb5 e4 21. Qc4
f5 22. d6+ Kh8 23. Bd4 Bxd4 24. Qxd4+ Qf6 25. Qxf6+ Rxf6 26. b4 Kg7 27. a4 Kf7
28. Rac1 Ke6 29. Kf1 Kd5 30. Ke1 a6 31. b5 axb5 32. axb5 Rf7 33. Rc3 Kd4 34. c6
Kxc3 35. c7 f4 36. b6 d2+ 37. Rxd2 e3 38. Rd1 f3 39. gxf3 1-0

[Event "Indywidualne Mistrzostwa Polski Juniorow - C18"]
[Site "Szczyrk"]
[Date "2013-03-24"]
[Round "5.9"]
[White "Adamowicz, Maciej"]
[Black "Stankiewicz, Pawel"]
[Result "1/2-1/2"]
[WhiteTitle "I++"]
[BlackTitle "k"]
[WhiteElo "2042"]
[BlackElo "2108"]

1. c4 e5 2. Nc3 Bb4 3. g3 Bxc3 4. dxc3 d6 5. Bg2 Nc6 6. e4 Nf6 7. Ne2 O-O 8. O-O
Be6 9. b3 Nd7 10. Be3 Kh8 11. Qc2 f5 12. f4 Qe7 13. fxe5 Ndxe5 14. exf5 Ng4 15.
Bd4 Bd7 16. Qe4 Qxe4 17. Bxe4 Rae8 18. Rf4 Nf6 19. Bxf6 Rxf6 20. Raf1 Ne5 21.
Nd4 c5 22. Nb5 Bxb5 23. cxb5 b6 24. c4 Ref8 25. Kg2 h6 26. a4 R8f7 27. h3 h5 28.
Rd1 Rf8 29. Rdf1 Kg8 30. Bd5+ Kh8 31. Be4 Kg8 32. Bd5+ Kh8 33. Be4 Kg8 1/2-1/2

[Event "Indywidualne Mistrzostwa Polski Juniorow - C18"]
[Site "Szczyrk"]
[Date "2013-03-24"]
[Round "5.10"]
[White "Pietruszewski, Marcin"]
[Black "Budzinski, Jan"]
[Result "1-0"]
[WhiteTitle "k"]
[BlackTitle "I+"]
[WhiteElo "2107"]
[BlackElo "1984"]

1. e4 e6 2. d4 d5 3. Nc3 dxe4 4. Nxe4 Nd7 5. Nf3 Ngf6 6. Nxf6+ Nxf6 7. Bg5 Be7
8. Bd3 Nd5 9. Bd2 O-O 10. Qe2 a5 11. h4 c5 12. c4 Nf6 13. dxc5 Bxc5 14. Bc3 Bb4
15. Bxb4 axb4 16. O-O b6 17. Be4 Nxe4 18. Qxe4 Ra5 19. Rfd1 Qf6 20. Rd2 Ba6 21.
Rd4 Rc5 22. b3 g6 23. Rad1 b5 24. Rd6 Bc8 25. Qd4 Qxd4 26. R1xd4 bxc4 27. Rxc4
Rxc4 28. bxc4 Bb7 29. Ne5 f6 30. Nd3 Be4 31. Nxb4 Rc8 32. Rxe6 Rxc4 33. Na6 Bd5
34. Rxf6 Rxh4 35. a3 Ra4 36. Nb4 Bc4 37. Rf3 Ra8 38. Kh2 Kg7 39. g4 Be6 40. Kg3
Rc8 41. Re3 Kf7 42. g5 Rc1 43. f3 Rc5 44. f4 Rc1 45. Nd3 Ra1 46. Kf3 Bd5+ 47.
Kf2 Kf8 48. Ne5 Ra2+ 49. Kg3 Rg2+ 50. Kh3 Rg1 51. Nf3 Bxf3 52. Rxf3 Ke7 53. Rd3
Ke6 54. a4 Kf5 55. Rd4 Ra1 56. Kg3 Ra3+ 57. Kf2 Kg4 58. Ke2 Rc3 59. Kd2 Rc5 60.
Kd3 Kh5 61. Rc4 Rd5+ 62. Kc3 h6 63. gxh6 Kxh6 64. Rd4 Rc5+ 65. Kb4 Rc1 66. a5
Rb1+ 67. Kc5 Ra1 68. Kb5 Kh5 69. Ra4 Rb1+ 70. Kc5 Rc1+ 71. Kd5 Rd1+ 72. Ke5 Rd8
73. a6 Ra8 74. a7 Re8+ 75. Kf6 Ra8 76. Kg7 g5 77. fxg5 1-0

[Event "Indywidualne Mistrzostwa Polski Juniorow - C18"]
[Site "Szczyrk"]
[Date "2013-03-24"]
[Round "5.11"]
[White "Eggink, Mateusz"]
[Black "Musialkiewicz, Pawel"]
[Result "1/2-1/2"]
[WhiteTitle "I"]
[BlackTitle "k"]
[WhiteElo "2035"]
[BlackElo "2182"]

1. e4 e6 2. d4 d5 3. Nc3 Bb4 4. e5 c5 5. a3 Bxc3+ 6. bxc3 Ne7 7. Qg4 Nf5 8. Bd3
h5 9. Qf4 cxd4 10. cxd4 Qh4 11. Nf3 Qxf4 12. Bxf4 Nc6 13. c3 Bd7 14. Nd2 Na5 15.
Ke2 Rc8 16. Rhc1 Ba4 17. Rab1 b6 18. Rb4 Bc6 19. a4 Kd7 20. Bb5 Bxb5+ 21. axb5
Rc7 22. Nb3 Rc4 23. Rxc4 Nxc4 24. Ra1 Ra8 25. Bg5 Kc7 26. h3 Na5 27. Nd2 Rh8 28.
Kd3 Kb7 29. g4 hxg4 30. hxg4 Rh3+ 31. f3 Nh6 32. Be3 a6 33. bxa6+ Kxa6 34. Rg1
Ng8 35. Bg5 Nc6 36. Ra1+ Kb7 37. Rb1 Nge7 38. Ke3 Kc7 39. Ra1 Kb7 40. Rb1 Kc7
41. Rc1 Kb8 42. Nb1 Ng8 43. Na3 f6 44. exf6 gxf6 45. Bf4+ e5 46. dxe5 fxe5 47.
Bg5 e4 48. Rf1 Kc8 49. Kf4 Rxf3+ 50. Rxf3 exf3 51. Kxf3 Kd7 52. Be3 Ne5+ 53. Kf4
Ke6 54. g5 Nd7 55. Nb5 Ne7 56. Nd4+ Kf7 57. Nf3 Ng6+ 58. Kg4 Nc5 59. Nd4 Ne4 60.
Nb5 Ne7 61. Bxb6 Kg6 62. Be3 Nf5 63. Bf4 Nf2+ 64. Kf3 Ne4 1/2-1/2

[Event "Indywidualne Mistrzostwa Polski Juniorow - C18"]
[Site "Szczyrk"]
[Date "2013-03-24"]
[Round "5.12"]
[White "Tomsia, Kamil"]
[Black "Lapaj, Mateusz"]
[Result "1-0"]
[WhiteTitle "I++"]
[BlackTitle "I++"]
[WhiteElo "2141"]
[BlackElo "2044"]

1. d4 d5 2. c4 Nc6 3. e3 e5 4. cxd5 Qxd5 5. Nc3 Bb4 6. Bd2 Bxc3 7. bxc3 Nf6 8.
f3 Qd6 9. Bd3 O-O 10. Ne2 Re8 11. Qb1 b6 12. O-O Be6 13. Ng3 Rad8 14. Bb5 Re7
15. Qc2 Na5 16. Rfd1 g6 17. c4 Ne8 18. d5 Bd7 19. Ne4 Bf5 20. c5 Qxd5 21. Bxa5
Bxe4 22. Rxd5 1-0

[Event "Indywidualne Mistrzostwa Polski Juniorow - C18"]
[Site "Szczyrk"]
[Date "2013-03-24"]
[Round "5.13"]
[White "Zareba, Grzegorz"]
[Black "Szewczyk, Mariusz"]
[Result "1-0"]
[WhiteTitle "I"]
[BlackTitle "I++"]
[WhiteElo "1968"]
[BlackElo "2093"]

1. c4 Nf6 2. Nc3 e6 3. Nf3 d5 4. d4 Bb4 5. Bg5 c5 6. Bxf6 Qxf6 7. e3 Nc6 8. Be2
O-O 9. cxd5 exd5 10. O-O Bxc3 11. bxc3 c4 12. Nd2 b5 13. Bf3 Be6 14. e4 Rfd8 15.
a3 Rab8 16. Re1 a5 17. Qe2 h6 18. Rab1 Ne7 19. Rb2 dxe4 20. Nxe4 Qf5 21. Reb1
Rb6 22. Nc5 Nd5 23. Qe1 Rdb8 24. Be4 Qg5 25. f3 Nf4 26. Qg3 Qf6 27. Nxe6 fxe6
28. Qe1 b4 29. axb4 axb4 30. Qe3 Qg5 31. Qc1 bxc3 32. Qxc3 Nd3 33. Bxd3 Qe3+ 34.
Kf1 Rxb2 35. Rxb2 Rxb2 36. Bh7+ Kxh7 37. Qxe3 Rb6 38. Qe2 Rb4 39. Qxe6 Rb1+ 40.
Kf2 1-0

[Event "Indywidualne Mistrzostwa Polski Juniorow - C18"]
[Site "Szczyrk"]
[Date "2013-03-24"]
[Round "5.14"]
[White "Zielinski, Maciej"]
[Black "Suliborski, Jakub"]
[Result "1-0"]
[WhiteTitle "I++"]
[BlackTitle "I++"]
[WhiteElo "2091"]
[BlackElo "1996"]

1. Nf3 c5 2. g3 Nc6 3. Bg2 g6 4. d4 cxd4 5. Nxd4 Bg7 6. c3 Nf6 7. O-O O-O 8. e4
d6 9. Nd2 Bd7 10. N2b3 Rc8 11. h3 Ne5 12. Qe2 Nc4 13. Nd2 b5 14. b3 Nb6 15. Bb2
a6 16. Rfd1 Qc7 17. Rac1 Rfd8 18. c4 b4 19. Nf1 Be8 20. Nc2 a5 21. e5 Nh5 22.
exd6 Rxd6 23. Bxg7 Nxg7 24. Rxd6 exd6 25. Nfe3 Bc6 26. Rd1 Ne6 27. Nd4 Nxd4 28.
Rxd4 Bxg2 29. Kxg2 a4 30. Qd2 axb3 31. axb3 Rd8 32. Qxb4 Qc6+ 33. Nd5 Nxd5 34.
Rxd5 Rd7 35. Qb5 Qb7 36. Qxb7 Rxb7 37. Rd3 Kf8 38. Kf3 Ke7 39. Ke4 Ke6 40. Kd4
Ra7 41. b4 Ra2 42. f4 Rb2 43. b5 h5 44. h4 Rb4 45. Ra3 f6 46. Kc3 Rb1 47. Rb3
Rg1 48. Kb4 Kd7 49. c5 dxc5+ 50. Kxc5 Kc7 51. Kd5 Re1 52. Rc3+ Kb7 53. Rc6 Re3
54. Rxf6 Rxg3 55. Ke6 Rg4 56. Kf7 Kc7 57. Kg7 Kb7 58. Kh6 Kc7 59. Rxg6 Rxh4 60.
f5 Rf4 61. f6 Kd6 62. Kg7 h4 63. b6 h3 64. Rh6 Rf3 65. b7 Kc7 66. f7 Rg3+ 67.
Rg6 1-0

[Event "Indywidualne Mistrzostwa Polski Juniorow - C18"]
[Site "Szczyrk"]
[Date "2013-03-24"]
[Round "5.15"]
[White "Poswiatowski, Michal"]
[Black "Borawski, Jakub"]
[Result "0-1"]
[WhiteTitle "I+"]
[BlackTitle "I"]
[WhiteElo "2076"]
[BlackElo "1946"]

1. e4 e5 2. Nf3 Nc6 3. Bb5 a6 4. Ba4 Nf6 5. O-O Be7 6. Re1 b5 7. Bb3 d6 8. c3 O-O
9. h3 Nb8 10. d4 Nbd7 11. Nbd2 Bb7 12. Bc2 Re8 13. Nf1 Bf8 14. Ng3 g6 15. b3 exd4
16. cxd4 c5 17. d5 Bg7 18. Bg5 h6 19. Bf4 Nxd5 20. exd5 Rxe1+ 21. Qxe1 Qf6 22.
Bf5 Qxa1 23. Qxa1 Bxa1 24. Bxd7 Bxd5 25. Nd2 f5 26. Bxf5 gxf5 27. Nxf5 Re8 28.
Kf1 Be5 29. Nxd6 Bxf4 30. Nxe8 Kf7 31. Ne4 Bxe4 32. Nd6+ Bxd6 0-1

[Event "Indywidualne Mistrzostwa Polski Juniorow - C18"]
[Site "Szczyrk"]
[Date "2013-03-24"]
[Round "5.16"]
[White "Kowalczyk, Adam"]
[Black "Cukrowski, Filip"]
[Result "0-1"]
[WhiteTitle "II+"]
[BlackTitle "k"]
[WhiteElo "1878"]
[BlackElo "2163"]

1. e4 c5 2. Nc3 d6 3. Nf3 Nf6 4. Bb5+ Bd7 5. Bxd7+ Qxd7 6. d4 cxd4 7. Nxd4 g6 8.
O-O Bg7 9. f4 Nc6 10. Nxc6 Qxc6 11. Qf3 Nd7 12. Nd5 e6 13. Ne3 Nc5 14. e5 Qxf3
15. Rxf3 dxe5 16. Nc4 e4 17. Rf1 Rd8 18. Be3 Bd4 19. Rad1 Bxe3+ 20. Nxe3 Ke7 21.
Nc4 Rd5 22. Ne3 Rxd1 23. Rxd1 f5 24. Nc4 Rc8 25. Ne5 Rc7 26. Rd4 Na6 27. a3 Nb8
28. Rc4 Rxc4 29. Nxc4 Nc6 30. Kf2 b5 31. Ne3 Kd6 32. b4 a5 33. c3 axb4 34. axb4
e5 35. g3 exf4 36. gxf4 Ne7 37. Kg3 Nd5 38. Nd1 Ke6 39. h3 Kd6 0-1

[Event "Indywidualne Mistrzostwa Polski Juniorow - C18"]
[Site "Szczyrk"]
[Date "2013-03-24"]
[Round "5.17"]
[White "Adamczewski, Jedrzej"]
[Black "Jaskolka, Tomasz"]
[Result "1/2-1/2"]
[WhiteTitle "I"]
[BlackTitle "I++"]
[WhiteElo "1861"]
[BlackElo "2038"]

1. d4 Nf6 2. c4 c5 3. d5 b5 4. Qc2 bxc4 5. e4 d6 6. Bxc4 g6 7. Nf3 Bg7 8. O-O O-O
9. h3 Ba6 10. Na3 Nfd7 11. Qe2 Bxc4 12. Nxc4 Nb6 13. Bf4 Nxc4 14. Qxc4 Nd7 15.
Rab1 a5 16. Bd2 Qb6 17. Qc2 Rfb8 18. Bc3 Qb5 19. Rfe1 Nb6 20. Bxg7 Kxg7 21. e5
Qc4 22. Qxc4 Nxc4 23. b3 Nb6 24. exd6 exd6 25. Ng5 Nxd5 26. Rbd1 Nc3 27. Rxd6
h6 28. Nxf7 Kxf7 29. Rd7+ Kf6 30. Rd6+ Kf7 31. Rd7+ Kf6 32. Rd6+ Kf7 33. Rd7+
Kf6 34. Rd6+ Kf7 1/2-1/2

[Event "Indywidualne Mistrzostwa Polski Juniorow - C18"]
[Site "Szczyrk"]
[Date "2013-03-24"]
[Round "5.18"]
[White "Gora, Jan"]
[Black "Jachym, Adam"]
[Result "0-1"]
[WhiteTitle "I"]
[BlackTitle "II+"]
[WhiteElo "1961"]
[BlackElo "1934"]

1. e4 e5 2. Nf3 Nc6 3. Bb5 Nf6 4. O-O Nxe4 5. d4 Nd6 6. Bxc6 dxc6 7. dxe5 Nf5 8.
Qe2 Nd4 9. Nxd4 Qxd4 10. Rd1 Bg4 11. Rxd4 Bxe2 12. Nc3 Bh5 13. Bf4 Rd8 14. Rxd8+
Kxd8 15. f3 Bg6 16. Rd1+ Kc8 17. Rd2 Bb4 18. Bg5 Re8 19. f4 Bc5+ 20. Kf1 h6 21.
Bh4 Be3 22. Re2 Bxf4 23. Bg3 Bxg3 24. hxg3 Kd7 25. g4 Ke7 26. Ne4 b6 27. Ng3 Ke6
28. Kf2 Rd8 29. Kf3 Rd5 30. Kf4 Rd4+ 31. Kf3 Rd5 32. Kf4 Rc5 33. Nf5 Rc4+ 34.
Re4 Rxe4+ 35. Kxe4 f6 36. exf6 Kxf6 37. Kf4 c5 38. Ne3 Bf7 39. a3 a5 40. g3 Be6
41. Nf1 Bd5 42. Nd2 g5+ 43. Ke3 Ke5 44. Nf3+ Bxf3 45. Kxf3 Kd4 46. Ke2 b5 47.
Kd2 Ke4 48. Ke2 c4 49. Kf2 b4 50. axb4 axb4 0-1

[Event "Indywidualne Mistrzostwa Polski Juniorow - C18"]
[Site "Szczyrk"]
[Date "2013-03-24"]
[Round "5.19"]
[White "Gabryjalowicz, Jakub"]
[Black "Kwiatkowski, Wiktor"]
[Result "0-1"]
[WhiteTitle "I"]
[BlackTitle "I"]
[WhiteElo "1779"]
[BlackElo "1949"]

1. e4 c5 2. Nf3 Nc6 3. d4 cxd4 4. Nxd4 Qb6 5. Nb3 Nf6 6. Nc3 e6 7. Be3 Qc7 8. a3
a6 9. f4 d6 10. Be2 b5 11. O-O Be7 12. Bf3 Bb7 13. Kh1 O-O 14. g4 Rac8 15. g5
Nd7 16. Bg2 Rfe8 17. Qh5 b4 18. axb4 Nxb4 19. Rac1 Bf8 20. Rf3 g6 21. Qh4 Bg7
22. Rh3 Nf8 23. Bd4 e5 24. fxe5 Bxe5 25. Nd5 Nxd5 26. exd5 Qc4 27. Rc3 Qb5 28.
Rxc8 Rxc8 29. Bxe5 dxe5 30. Qe4 Qxb3 31. c4 Nd7 32. h4 Nc5 33. Qe2 Qg3 34. Rc3
Qxh4+ 35. Rh3 Qxg5 36. b4 Qc1+ 37. Kh2 Qf4+ 38. Kh1 Nd7 39. c5 Nxc5 40. bxc5 Rxc5
41. Rf3 Rc1+ 0-1

[Event "Indywidualne Mistrzostwa Polski Juniorow - C18"]
[Site "Szczyrk"]
[Date "2013-03-24"]
[Round "5.20"]
[White "Chmiel, Marcin"]
[Black "Mikolajczak, Wojciech"]
[Result "1-0"]
[WhiteTitle "I+"]
[BlackTitle "II+"]
[WhiteElo "1978"]
[BlackElo "1740"]

1. e4 c5 2. Nf3 Nc6 3. d4 cxd4 4. Nxd4 d6 5. Nc3 g6 6. Bc4 Bg7 7. Be3 Nf6 8. h3
Bd7 9. O-O O-O 10. Bb3 Qc8 11. f4 Nxd4 12. Bxd4 Bc6 13. Qd3 Qc7 14. Rae1 Rad8
15. Nb5 Bxb5 16. Qxb5 b6 17. c3 Qd7 18. Qe2 e6 19. f5 Rde8 20. fxe6 fxe6 21. e5
Nd5 22. Rxf8+ Bxf8 23. exd6 Qxd6 24. Qf3 Re7 25. Bf6 Rd7 26. Be5 Qe7 27. Kh1 Qf7
28. Qe2 Bd6 29. Bxd6 Rxd6 30. Qe5 Qd7 31. c4 Nb4 32. c5 bxc5 33. Bxe6+ Rxe6 34.
Qxe6+ Qxe6 35. Rxe6 Nd3 36. b3 Nc1 37. Ra6 h6 1-0

[Event "Indywidualne Mistrzostwa Polski Juniorow - C18"]
[Site "Szczyrk"]
[Date "2013-03-24"]
[Round "5.21"]
[White "Kuspak, Aleksander"]
[Black "Worobiej, Daniel"]
[Result "1/2-1/2"]
[WhiteTitle "I"]
[BlackTitle "I"]
[WhiteElo "1926"]
[BlackElo "1859"]

1. e4 e5 2. Nf3 Nc6 3. Nc3 Nf6 4. a3 a6 5. d4 exd4 6. Nxd4 Bc5 7. Be3 Bxd4 8. Bxd4
Nxd4 9. Qxd4 d6 10. O-O-O Qe7 11. f3 Qe5 12. Qc4 Qa5 13. Nd5 Nxd5 14. exd5 Bf5
15. Qd4 Qc5 16. Qxc5 dxc5 17. Bd3 Bxd3 18. Rxd3 Kd7 19. Re1 Rhe8 20. Rde3 c4 21.
Kd2 Rxe3 22. Rxe3 b5 23. Kc3 Rb8 24. Kd4 Kd6 25. g3 Rd8 26. Re2 h6 27. f4 c5+
28. dxc6 Kxc6+ 29. Kc3 Rd7 30. a4 Kb6 31. h3 Ka5 32. axb5 axb5 33. Re5 Rd1 34.
Re3 Rh1 35. h4 Rh2 36. b3 b4+ 37. Kxc4 Rxc2+ 38. Kd3 Kb5 39. Re5+ Kc6 40. Re3
Kd6 1/2-1/2

[Event "Indywidualne Mistrzostwa Polski Juniorow - C18"]
[Site "Szczyrk"]
[Date "2013-03-24"]
[Round "5.22"]
[White "Knapik, Andrzej"]
[Black "Budnik, Mateusz"]
[Result "1/2-1/2"]
[WhiteTitle "I"]
[BlackTitle "II+"]
[WhiteElo "1913"]
[BlackElo "1701"]

1. e4 e6 2. d4 d5 3. Nc3 Bb4 4. e5 c5 5. a3 cxd4 6. Qxd4 Nc6 7. Bb5 Ba5 8. b4 Bb6
9. Qg4 g6 10. Nf3 Bd7 11. Bxc6 Bxc6 12. O-O h5 13. Qf4 Nh6 14. Bb2 Nf5 15. Rad1
Rc8 16. Rd2 Qe7 17. Rfd1 O-O 18. Ne2 Ba4 19. Rc1 Rc4 20. Ned4 Nxd4 21. Nxd4 Rfc8
22. c3 a5 23. Re1 Bd8 24. Rd3 Qg5 25. Qxg5 Bxg5 26. g3 Be7 27. f4 Bd7 28. Kf2
axb4 29. axb4 Ra8 30. Ra1 Rxa1 31. Bxa1 Rc8 32. Bb2 Ra8 33. Ke3 Ra2 34. Rd2 Kg7
35. Kd3 Kh6 36. Bc1 Ra1 37. Nb3 Bb5+ 38. Kd4 Ra8 39. Bb2 h4 40. Nc5 b6 41. Nd3
Kh5 42. Nf2 g5 43. Ke3 hxg3 44. hxg3 gxf4+ 45. gxf4 Rg8 46. Kf3 Bh4 47. Nh1 d4
48. cxd4 Bc6+ 49. d5 Bxd5+ 50. Rxd5 exd5 51. Bd4 b5 52. Bc5 Be1 53. Nf2 Bxf2 54.
Kxf2 Kg4 55. Ke3 Kf5 56. Kd4 Rd8 57. Bd6 Ke6 58. f5+ Kxf5 59. Kxd5 Rc8 60. Bc5
Re8 61. Bd6 Re6 62. Bc7 Re7 63. Bd6 Rd7 64. Kc6 Ke6 65. Kxb5 Kd5 66. Bc5 Kxe5
67. Kc6 Rd8 68. Kc7 Rd5 69. Kc6 f5 70. b5 f4 71. b6 f3 72. b7 Rd8 73. Kc7 Rg8
74. b8=Q Rxb8 75. Kxb8 1/2-1/2

[Event "Indywidualne Mistrzostwa Polski Juniorow - C18"]
[Site "Szczyrk"]
[Date "2013-03-24"]
[Round "5.23"]
[White "Lopuszanski, Kamil"]
[Black "Dzikowski, Michal"]
[Result "1/2-1/2"]
[WhiteTitle "I"]
[BlackTitle "I"]
[WhiteElo "1870"]
[BlackElo "1879"]

1. e4 c6 2. d4 d5 3. e5 Bf5 4. Nd2 e6 5. Nb3 Nd7 6. Nf3 Ne7 7. Be2 Bg6 8. O-O Qc7
9. Re1 c5 10. Nxc5 Nxc5 11. dxc5 Nc6 12. Be3 a6 13. c4 dxc4 14. Bxc4 Be7 15. Kh1
O-O 16. a3 Bh5 17. Be2 Bxf3 18. Bxf3 Qxe5 19. b4 Qc7 20. Rc1 Rfd8 21. Qa4 Bf6
22. Red1 g6 23. Bxc6 bxc6 24. Rxd8+ Bxd8 25. g3 Be7 26. Rd1 Qb7 27. Rd3 Rd8 28.
Rxd8+ Bxd8 29. Kg2 f6 30. Qb3 Kf7 31. Qc4 Be7 32. Kg1 Qb5 33. Qh4 h5 34. Qf4 Qd3
35. Qf3 Qxa3 36. Qxc6 Qxb4 37. Qd7 Qb1+ 38. Kg2 Qe4+ 39. Kf1 Qb1+ 40. Kg2 Qe4+
41. Kf1 Qb1+ 1/2-1/2

[Event "Indywidualne Mistrzostwa Polski Juniorow - C18"]
[Site "Szczyrk"]
[Date "2013-03-24"]
[Round "5.24"]
[White "Prominski, Piotr"]
[Black "Moszczenski, Milosz"]
[Result "0-1"]
[WhiteTitle "I"]
[BlackTitle "I"]
[WhiteElo "1834"]
[BlackElo "1754"]

1. e4 c5 2. Nf3 e6 3. d4 cxd4 4. Nxd4 a6 5. Nc3 Qc7 6. g3 Bb4 7. Nde2 Nf6 8. Bg2
O-O 9. O-O Be7 10. h3 d6 11. g4 Nc6 12. g5 Ne8 13. f4 g6 14. Be3 Ng7 15. Ng3 f5
16. exf5 Nxf5 17. Nxf5 Rxf5 18. h4 d5 19. Ne2 Bd7 20. h5 b6 21. c4 dxc4 22. Be4
Re8 23. Bxf5 exf5 24. Qc1 Nb4 25. Rd1 Bd6 26. h6 Nd3 27. Qc3 Bb5 28. Rxd3 cxd3
29. Qf6 Rxe3 30. Rc1 dxe2 0-1

[Event "Indywidualne Mistrzostwa Polski Juniorow - C18"]
[Site "Szczyrk"]
[Date "2013-03-24"]
[Round "7.1"]
[White "Jarmula, Pawel"]
[Black "Licznerski, Lukasz"]
[Result "0-1"]
[WhiteTitle "k"]
[BlackTitle "FM"]
[WhiteElo "2197"]
[BlackElo "2331"]

1. e4 c6 2. d4 d5 3. e5 Bf5 4. Nf3 e6 5. Be2 Ne7 6. O-O Bg6 7. Nbd2 c5 8. c4 cxd4
9. Nxd4 Nec6 10. N2f3 dxc4 11. Bxc4 Be7 12. Nb5 Nd7 13. Bf4 Nb6 14. Bb3 O-O 15.
Nbd4 Na5 16. Bc2 Bxc2 17. Nxc2 Nd5 18. Qd4 Rc8 19. Ne3 Nc6 20. Qe4 Nxf4 21. Qxf4
Qb6 22. b3 Nb4 23. Qe4 Rfd8 24. h4 Qc6 25. Qxc6 Rxc6 26. Rfd1 Kf8 27. a3 Nc2 28.
Rxd8+ Bxd8 29. Rd1 Ke7 30. Nc4 b5 31. Nd6 Nxa3 32. Nxf7 Bc7 33. N7g5 Nc2 34. Nd4
Nxd4 35. Rxd4 Rc1+ 0-1

[Event "Indywidualne Mistrzostwa Polski Juniorow - C18"]
[Site "Szczyrk"]
[Date "2013-03-24"]
[Round "7.2"]
[White "Nasuta, Grzegorz"]
[Black "Malec, Sebastian"]
[Result "1-0"]
[WhiteTitle "k"]
[BlackTitle "k"]
[WhiteElo "2295"]
[BlackElo "2171"]

1. e4 c5 2. Nf3 d6 3. d4 cxd4 4. Nxd4 Nf6 5. Nc3 a6 6. Be3 Ng4 7. Bg5 h6 8. Bh4
g5 9. Bg3 Bg7 10. Qd2 Nc6 11. Nb3 Be6 12. h4 Rc8 13. O-O-O gxh4 14. Rxh4 Nge5
15. f4 Nc4 16. Bxc4 Bxc4 17. Rg4 Kf8 18. Bh4 Qd7 19. Rg3 Qe6 20. Kb1 b5 21. Nd5
f5 22. exf5 Qxd5 23. Qxd5 Bxd5 24. Rxd5 Kf7 25. Rg6 Nb4 26. Rd2 Rc4 27. Bxe7 Re8
28. Bxd6 Re1+ 29. Nc1 Bd4 30. Re2 Nxc2 31. Rxe1 Nxe1 32. Be5 Be3 33. Ne2 Rc2 34.
Rg7+ Kf8 35. f6 Bc5 36. Nd4 Rd2 37. Ne6+ Ke8 38. f7+ 1-0

[Event "Indywidualne Mistrzostwa Polski Juniorow - C18"]
[Site "Szczyrk"]
[Date "2013-03-24"]
[Round "7.3"]
[White "Mroziak, Maciej"]
[Black "Musialkiewicz, Jan"]
[Result "0-1"]
[WhiteTitle "I++"]
[BlackTitle "k+"]
[WhiteElo "2149"]
[BlackElo "2243"]

1. d4 d5 2. Nf3 Nf6 3. c4 e6 4. Nc3 Be7 5. Bg5 O-O 6. e3 h6 7. Bh4 Ne4 8. Bxe7
Qxe7 9. Qc2 Nxc3 10. Qxc3 c6 11. Bd3 Nd7 12. O-O dxc4 13. Bxc4 b5 14. Bd3 Bb7
15. b4 a5 16. bxa5 b4 17. Qb2 c5 18. dxc5 Bxf3 19. gxf3 Nxc5 20. Be2 Na4 21. Qc2
Rxa5 22. Kh1 Nc3 23. Rg1 Qf6 24. f4 e5 25. Rg4 Rfa8 26. fxe5 Qc6+ 0-1

[Event "Indywidualne Mistrzostwa Polski Juniorow - C18"]
[Site "Szczyrk"]
[Date "2013-03-24"]
[Round "7.4"]
[White "Stankiewicz, Pawel"]
[Black "Lewtak, Damian"]
[Result "0-1"]
[WhiteTitle "k"]
[BlackTitle "m"]
[WhiteElo "2108"]
[BlackElo "2224"]

1. e4 c5 2. Nf3 d6 3. d4 cxd4 4. Nxd4 Nf6 5. Nc3 Bd7 6. Bg5 e6 7. Qd2 a6 8. O-O-O
b5 9. Re1 Be7 10. f4 h6 11. Bxf6 Bxf6 12. Nf3 b4 13. Nd1 Qa5 14. Kb1 Qc5 15. e5
dxe5 16. fxe5 Be7 17. Nf2 Bc6 18. Ne4 Qd5 19. Qf4 Nd7 20. Bc4 Qa5 21. Qg3 O-O
22. Rhf1 Bb5 23. Nfd2 Qc7 24. Nd6 Bg5 25. Rxf7 Rxf7 26. Bxe6 Bxd2 27. Bxf7+ Kh8
28. Nf5 Bg5 29. h4 Nc5 30. Bd5 Rf8 31. Qg4 Bd7 32. e6 Nxe6 33. Bxe6 Bxe6 34. Rxe6
Qc5 35. Re1 Qf2 36. Qxb4 Rxf5 37. hxg5 Rxg5 38. Re8+ Kh7 39. Qe4+ Rg6 40. b4 Qxg2
41. Qxg2 Rxg2 42. a4 Rg4 43. c3 h5 44. b5 axb5 45. axb5 h4 46. b6 Rg6 47. b7 Rb6+
48. Kc2 Rxb7 49. Kd3 g5 50. Ke2 Kg6 51. Kf3 Rf7+ 52. Kg2 Rf4 53. Rg8+ Kf5 54.
Rd8 Kg4 55. Rd3 Ra4 56. c4 Rxc4 57. Ra3 h3+ 58. Kh2 Rc2+ 59. Kg1 Kh4 60. Ra4+
g4 61. Rb4 Re2 62. Ra4 Kg3 63. Ra3+ Kf4 64. Ra4+ Kf3 65. Ra3+ Re3 66. Ra1 g3 67.
Rb1 h2+ 68. Kh1 Kg4 69. Rb4+ Kh3 70. Re4 g2+ 0-1

[Event "Indywidualne Mistrzostwa Polski Juniorow - C18"]
[Site "Szczyrk"]
[Date "2013-03-24"]
[Round "7.6"]
[White "Nowicki, Bartosz"]
[Black "Borawski, Jakub"]
[Result "1-0"]
[WhiteTitle "k"]
[BlackTitle "I"]
[WhiteElo "2156"]
[BlackElo "1946"]

1. e4 e5 2. Nf3 Nc6 3. Bb5 a6 4. Ba4 Nf6 5. d3 d6 6. O-O b5 7. Bb3 Be7 8. a4 Na5
9. Ba2 c5 10. c3 Bb7 11. Na3 b4 12. Nc4 O-O 13. Ne3 g6 14. g4 Qd7 15. g5 Nh5 16.
Nd5 b3 17. Nxe7+ Qxe7 18. Bxb3 Nxb3 19. Qxb3 Rab8 20. Qd1 f5 21. gxf6 Qxf6 22.
Ne1 d5 23. Qe2 c4 24. f3 cxd3 25. Nxd3 Nf4 26. Bxf4 exf4 27. e5 Rbe8 28. Rfe1
Qf5 29. Nc5 Bc8 30. Rad1 Qg5+ 31. Kh1 Bh3 32. Rxd5 Rf5 33. Ne4 Qh4 34. Qf2 Qh5
35. Red1 Re6 36. Rd8+ Kg7 37. Nf6 1-0